[Event "Titled Tuesday intern op 7th May"]
[Site "Chess.com INT"]
[Date "2019.05.07"]
[Round "10"]
[White "Viviani, Alessio"]
[Black "Shagbazyan, Taron"]
[Result "0-1"]
[WhiteElo "2268"]
[BlackElo "2415"]
[PlyCount "78"]
[EventDate "2019.05.07"]
[EventType "swiss (blitz)"]
[EventRounds "10"]
[EventCountry "USA"]
[SourceTitle "EXT 2021"]
[Source "ChessBase"]
[SourceDate "2020.10.23"]
[SourceVersion "1"]
[SourceVersionDate "2020.10.23"]
[SourceQuality "1"]

1. d4 Nf6 2. c4 e6 3. Nc3 Bb4 4. f3 d5 5. a3 Bxc3+ 6. bxc3 c5 7. cxd5 exd5 8. e3 0-0 9. Bd3 Re8 10. Ne2 b6 11. 0-0 Ba6 12. Nf4 Bxd3 13. Qxd3 Nc6 14. g4 h6 15. Ra2 Rc8 16. Rg2 cxd4 17. cxd4 Nh7 18. h4 Na5 19. g5 hxg5 20. hxg5 Nxg5 21. Qf5 f6 22. Nxd5 Nb3 23. f4 Ne4 24. Qg4 Rc7 25. Nxc7 Qxc7 26. Bb2 Nbd2 27. Rc1 Qf7 28. d5 Nd6 29. Rc6 N2c4 30. Bd4 Re7 31. Rg3 Qxd5 32. Bxf6 Qxc6 33. Bxe7 Ne8 34. Bb4 Qd5 35. Qg6 Qd7 36. f5 Nf6 37. Kh2 Ne5 38. Qxf6 Nf3+ 39. Kg2 Qb7 0-1

[Event "Titled Tuesday intern op 2nd April"]
[Site "Chess.com INT"]
[Date "2019.04.02"]
[Round "2"]
[White "Viviani, Alessio"]
[Black "Toncheva, Nadya"]
[Result "1-0"]
[WhiteElo "2268"]
[BlackElo "2117"]
[PlyCount "99"]
[EventDate "2019.04.02"]
[EventType "swiss (blitz)"]
[EventRounds "10"]
[EventCountry "USA"]
[SourceTitle "EXT 2021"]
[Source "ChessBase"]
[SourceDate "2020.10.23"]
[SourceVersion "1"]
[SourceVersionDate "2020.10.23"]
[SourceQuality "1"]

1. c4 c5 2. Nf3 Nc6 3. Nc3 g6 4. e3 Bg7 5. d4 cxd4 6. exd4 e6 7. d5 Ne5 8. Nxe5 Bxe5 9. Bd3 Ne7 10. Bh6 d6 11. 0-0 Nf5 12. Bxf5 gxf5 13. Qh5 Rg8 14. Rae1 Qf6 15. Nb5 Kd7 16. c5 a6 17. Nxd6 Bxd6 18. cxd6 b6 19. dxe6+ fxe6 20. Be3 Bb7 21. f3 Rac8 22. Bxb6 Rc2 23. Bf2 Qg7 24. g3 f4 25. Qh3 Bd5 26. g4 Qxb2 27. Qxh7+ Rg7 28. Qd3 Bc4 29. Qd4 Bxf1 30. Qxb2 Rxb2 31. Bd4 Rg2+ 32. Kxf1 Rxh2 33. Bxg7 Rxa2 34. Be5 a5 35. Bxf4 Ra3 36. Re3 Ra1+ 37. Kf2 a4 38. Rc3 a3 39. Rc7+ Ke8 40. Bg5 Rd1 41. Re7+ Kf8 42. Ra7 Ke8 43. Be7 Rd3 44. Ke2 Rb3 45. g5 Rb2+ 46. Ke3 a2 47. Kf4 Rb4+ 48. Ke5 Rb5+ 49. Kxe6 a1Q 50. d7# 1-0

[Event "Titled Tuesday intern op 5th March"]
[Site "Chess.com INT"]
[Date "2019.03.05"]
[Round "6"]
[White "Halvax, Georg"]
[Black "Viviani, Alessio"]
[Result "1-0"]
[WhiteElo "2421"]
[BlackElo "2268"]
[PlyCount "59"]
[EventDate "2019.03.05"]
[EventType "swiss (blitz)"]
[EventRounds "10"]
[EventCountry "USA"]
[SourceTitle "EXT 2021"]
[Source "ChessBase"]
[SourceDate "2020.10.23"]
[SourceVersion "1"]
[SourceVersionDate "2020.10.23"]
[SourceQuality "1"]

1. d4 Nf6 2. c4 g6 3. Nc3 d5 4. Nf3 Bg7 5. h4 dxc4 6. e4 c5 7. d5 0-0 8. Bxc4 b5 9. Bxb5 Nxe4 10. Nxe4 Qa5+ 11. Nc3 Bxc3+ 12. bxc3 Qxb5 13. h5 Ba6 14. hxg6 fxg6 15. Ne5 Rf5 16. f4 Nd7 17. a4 Qb7 18. g4 Nxe5 19. gxf5 Nd3+ 20. Kd2 Nf2 21. Qf3 Nxh1 22. Qxh1 Rd8 23. Ke1 Rxd5 24. Qf3 Re5+ 25. Kf2 Re2+ 26. Kg3 Qd7 27. fxg6 hxg6 28. Ba3 Qd2 29. Bxc5 Bc4 30. Bd4 1-0

[Event "Titled Tuesday intern op 5th March"]
[Site "Chess.com INT"]
[Date "2019.03.05"]
[Round "8"]
[White "Viviani, Alessio"]
[Black "Martinez Ramirez, Lennis"]
[Result "0-1"]
[WhiteElo "2268"]
[BlackElo "2447"]
[PlyCount "66"]
[EventDate "2019.03.05"]
[EventType "swiss (blitz)"]
[EventRounds "10"]
[EventCountry "USA"]
[SourceTitle "EXT 2021"]
[Source "ChessBase"]
[SourceDate "2020.10.23"]
[SourceVersion "1"]
[SourceVersionDate "2020.10.23"]
[SourceQuality "1"]

1. c4 e5 2. g3 Nf6 3. Bg2 c6 4. d4 exd4 5. Qxd4 d5 6. cxd5 cxd5 7. Nf3 Nc6 8. Qd3 Nb4 9. Qb3 Be7 10. 0-0 0-0 11. Nc3 d4 12. Nb5 Be6 13. Qd1 d3 14. Nbd4 Bc4 15. exd3 Nxd3 16. Qc2 Rc8 17. Rd1 Ba6 18. Qb1 Nxc1 19. Rxc1 Qa5 20. Re1 Bc5 21. Nb3 Qb6 22. Nxc5 Rxc5 23. a4 Ng4 24. h3 Nxf2 25. a5 Rxa5 26. Rxa5 Nd3+ 27. Kh2 Nxe1 28. Qxe1 Qxb2 29. Re5 Bb5 30. Ng5 h6 31. Nf3 a5 32. Qe4 Bc6 33. Qe3 Bxf3 0-1

[Event "Titled Tuesday intern op 2nd Febr"]
[Site "Chess.com INT"]
[Date "2019.02.05"]
[Round "3"]
[White "Viviani, Alessio"]
[Black "Sailer, Mike L"]
[Result "1-0"]
[WhiteElo "2268"]
[BlackElo "2141"]
[PlyCount "191"]
[EventDate "2019.02.05"]
[EventType "swiss (blitz)"]
[EventRounds "10"]
[EventCountry "USA"]
[SourceTitle "EXT 2021"]
[Source "ChessBase"]
[SourceDate "2020.10.23"]
[SourceVersion "1"]
[SourceVersionDate "2020.10.23"]
[SourceQuality "1"]

1. b3 d5 2. Bb2 Nf6 3. Nf3 g6 4. e3 Bg7 5. c4 c6 6. Nc3 0-0 7. Be2 Re8 8. 0-0 e5 9. cxd5 cxd5 10. d4 e4 11. Ne5 Nbd7 12. Nb5 Qb6 13. a4 a6 14. a5 Qd8 15. Nd6 Re7 16. Rc1 Nxe5 17. dxe5 Ne8 18. Qxd5 Be6 19. Qxe4 Nxd6 20. exd6 Qxd6 21. Bxg7 Kxg7 22. Rfd1 Bxb3 23. Rxd6 Rxe4 24. Rb6 Bd5 25. Bf3 Rc4 26. Rxc4 Bxc4 27. Bxb7 Rd8 28. h3 Rd1+ 29. Kh2 Ra1 30. Bxa6 Be6 31. Bd3 Rxa5 32. Kg3 Rg5+ 33. Kf3 h5 34. e4 Ra5 35. Ke3 Ra3 36. Rd6 Ra2 37. h4 Rb2 38. Rd4 Ra2 39. Rd6 Ra3 40. e5 Ra4 41. g3 Ra3 42. Rd4 Rb3 43. Rf4 Bf5 44. Rd4 Ra3 45. Ke2 Ra2+ 46. Ke3 Ra3 47. f3 Rb3 48. Kd2 Bxd3 49. Rxd3 Rb2+ 50. Ke3 Rg2 51. Kf4 Rg1 52. Rd7 Re1 53. Rb7 Re2 54. Rb4 Re1 55. Re4 Rf1 56. e6 fxe6 57. Rxe6 Ra1 58. Kg5 Ra5+ 59. Kf4 Ra4+ 60. Re4 Ra3 61. g4 hxg4 62. fxg4 Ra1 63. Rb4 Rf1+ 64. Kg5 Rf7 65. Rb6 Ra7 66. Rxg6+ Kh7 67. h5 Ra5+ 68. Kh4 Ra4 69. Rc6 Rb4 70. Rf6 Ra4 71. Kg5 Ra5+ 72. Rf5 Ra4 73. Rc5 Ra7 74. Kf5 Rf7+ 75. Kg5 Rg7+ 76. Kh4 Ra7 77. Rc6 Ra4 78. h6 Rb4 79. Kh5 Rb1 80. g5 Rh1+ 81. Kg4 Rg1+ 82. Kf4 Rf1+ 83. Ke5 Re1+ 84. Kf6 Rf1+ 85. Ke7 Rg1 86. Rc5 Kg6 87. Kf8 Kh7 88. Rc7+ Kh8 89. Rg7 Rf1+ 90. Rf7 Rg1 91. Rf5 Kh7 92. Kf7 Rg2 93. Kf6 Rg1 94. Re5 Rf1+ 95. Ke6 Kg6 96. Ke7 1-0

[Event "Titled Tuesday intern op 1st Jan"]
[Site "Chess.com INT"]
[Date "2019.01.01"]
[Round "3"]
[White "Hadzimanolis, Antonios"]
[Black "Viviani, Alessio"]
[Result "1-0"]
[WhiteElo "2229"]
[BlackElo "2268"]
[PlyCount "111"]
[EventDate "2019.01.01"]
[EventType "swiss (blitz)"]
[EventRounds "10"]
[EventCountry "USA"]
[SourceTitle "EXT 2021"]
[Source "ChessBase"]
[SourceDate "2020.10.23"]
[SourceVersion "1"]
[SourceVersionDate "2020.10.23"]
[SourceQuality "1"]

1. e4 d6 2. d4 g6 3. Nc3 Bg7 4. f4 Nf6 5. Nf3 c5 6. d5 0-0 7. Be3 a6 8. a4 Qa5 9. Bd3 c4 10. Bxc4 Nxe4 11. 0-0 Nxc3 12. bxc3 Qxc3 13. Qe2 Bg4 14. Rab1 Nd7 15. Rxb7 Rfb8 16. Rfb1 Bxf3 17. gxf3 Bd4 18. Bd3 Bxe3+ 19. Qxe3 Qc5 20. Qxc5 dxc5 21. Kf2 Kf8 22. Ke3 Ke8 23. f5 Kd8 24. fxg6 hxg6 25. Kf4 Rxb7 26. Rxb7 Kc8 27. Rb1 Kc7 28. Kg5 Nb6 29. a5 Nxd5 30. Be4 Rd8 31. Rd1 f6+ 32. Kh6 e6 33. c4 Nf4 34. Rxd8 Kxd8 35. Bxg6 Ke7 36. Be4 f5 37. Bb7 Nd3 38. Bxa6 Ne5 39. Bb5 Kd6 40. h4 Nxf3 41. h5 Ne5 42. Kg5 Nf7+ 43. Kf6 Nh6 44. Kg6 Ng4 45. Kg5 Ne5 46. Be8 Ke7 47. Bg6 Nc6 48. a6 Kf8 49. Bxf5 exf5 50. Kxf5 Kg7 51. Ke6 Na7 52. Kd6 Kh6 53. Kxc5 Kxh5 54. Kb6 Nc8+ 55. Kc7 Ne7 56. a7 1-0

[Event "Titled Tuesday intern op 1st Jan"]
[Site "Chess.com INT"]
[Date "2019.01.01"]
[Round "4"]
[White "Viviani, Alessio"]
[Black "Bauer, Thomas"]
[Result "0-1"]
[WhiteElo "2268"]
[BlackElo "2269"]
[PlyCount "52"]
[EventDate "2019.01.01"]
[EventType "swiss (blitz)"]
[EventRounds "10"]
[EventCountry "USA"]
[SourceTitle "EXT 2021"]
[Source "ChessBase"]
[SourceDate "2020.10.23"]
[SourceVersion "1"]
[SourceVersionDate "2020.10.23"]
[SourceQuality "1"]

1. d4 Nf6 2. Nf3 g6 3. g3 Bg7 4. Bg2 0-0 5. 0-0 d6 6. b3 Nbd7 7. Bb2 c6 8. c4 Re8 9. d5 Nc5 10. Nd4 cxd5 11. cxd5 Bf5 12. Nc3 Qd7 13. Re1 Bh3 14. Bh1 Rac8 15. Qd2 h5 16. e4 Ng4 17. Rad1 a5 18. f4 Na6 19. Bf3 Qc7 20. Na4 Nb4 21. a3 Nc2 22. Rc1 Nxe1 23. Bxg4 Qxc1 24. Bxc1 Rxc1 25. Qxc1 Bxd4+ 26. Kh1 Bg2# 0-1